000 00995nam a22001457a 4500
999 _c533446
_d533446
008 260526b ||||| |||| 00| 0 eng d
100 _aSaghar, Amol
_960795
245 _aHistory of a dramatic tribal
260 _aThe Book Review
300 _a49(1), Jan, 2025: p.10-12
520 _aIn 1966, AG Noorani in his important work. The trail of Bhagat Singh politics of justices provided detailed insights into the trial of Bhagat Singh. Rajguru and Sukhdev, albeit form algal perspective. That Singh and his two comrades were victims of a travesty of justice that amounted to nothing short of judicial murder, was one of the core arguments of Norani’s murder, was one of the core arguments of Noorani’s book. Following this study, a range of works focusing on the activities of Bhagat Singh and by extension, the Hindustan socialist republication association (HSRA), came out in quick succession. –Reproduced
773 _aThe Book Review
906 _aBOOK REVIEW
942 _cAR